| 000 | 00647nam a22002177a 4500 | ||
|---|---|---|---|
| 005 | 20170124110105.0 | ||
| 010 | _aA-897637 | ||
| 020 |
_c00.00 _a8120718518 |
||
| 035 | _aA-897637 | ||
| 037 | _bCen Lib/Ret | ||
| 040 |
_aDPL _bEN |
||
| 082 |
_aS _bHYD |
||
| 100 |
_aHyder, Qurratulain _927875 |
||
| 245 |
_aThe street singers of lucknow and other stories / _cby Qurratulain Hyder |
||
| 260 |
_aNew Delhi _bSterling Publishers _c1996 |
||
| 270 |
_bNew Delhi _aL-10, Green Park Extention _e110016 |
||
| 300 |
_a170p. _c19cm(Hb) |
||
| 650 |
_aEnglish literature _9101966 |
||
| 650 |
_aIndic fiction _9101967 |
||
| 942 |
_2ddc _cEN _hS- _mHYD |
||
| 999 |
_c129951 _d129951 |
||